00901nam a22002297a 4500003000400000005001700004008004100021020002200062040003700084082002600121245016300147260003400310300004900344500005700393504004100450650002200491650003800513700002800551700002400579700003400603700003400637OSt20250905021204.0250905t2025 |||||||| |||| 00| | eng d a978-1-032-58801-8 cJMCFI - Learning Resource Center aGS/Cir. 378 P467 2025 aPerspectives and practices of education for sustainable development :ba critical guide for higher education /cedited by Rehema M. White [ and three others]. aNew York :bRoutledge,c2025. axxiii, 293 pages :bcolored, illus. ;c24 cm aIncludes indexes, glossary and biographical records. aIncludes bibliographical references. aHigher education. aHigher educationxSustainability. aWhite, Rehema Meeditor aKemp, Simoneeditor aPrice, Elizabeth A. Ceeditor aLonghurst, James W. Seeditor